000 00881nam a22002297a 4500
003 DO-SdBNP
005 20171129101436.0
008 171129b mxxu||||| |||| 00| 0 spa d
040 _aBPMSU
_bspa
_cBPMSU
100 _aMena, Juan Carlos,
245 1 0 _aSensacional de diseño mexicano /
_cJuan Carlos Mena con la colaboración de Óscar Reyes y Déborah Holtz ; textos, Isaac Victor Kerlow ... [et al.] ; lomo de Carlos Monsiváis ; traducción, Rafael Vargas
250 _a3a ed., sensacional plus mejorado
260 _aMéxico, D.F. :
_bTrilce :Oceano, |
_c2010
300 _a1v. ;
_c20 cm.
700 _aReyes, Oscar,
_ecolab.
700 _aKerlow, Isaac Victor,
_d1958-
_ecolab.
700 _aMonsiváis, Carlos,
_d1938-2010
_ecolab.
700 _a Vargas, Rafael,
_d1954-
_etrad.
700 _aHoltz, Déborah,
942 _2ddc
_cBK
945 _aInventariado, 2017/MFF
999 _c13196
_d13196